000
002930000a22001330004500
003
MACL
040
_a
MACL
090
_c
9019
_d
9018
100
_a
Tagare, Ganesh Vasudeo
245
_a
The Vayu Purana
_b
Part 2
260
_b
Motilal Banarsidass
_c
1988
650
_a
Religion
942
_c
BOOK
_k
294.59
999
_c
8964
_d
8964